Ga door naar de inhoud

Практический аудит учебник

В учебнике изложены основные теоретические и методические аспекты, связанные с организацией и проведением практического аудита, направленные на формирование навыков выявления нарушений требований действующего законодательства в области бухгалтерского учета. Учебник предназначен для обучающихся по эк...

Volledige beschrijving

Bewaard in:
Bibliografische gegevens
Hoofdauteur: Петух А. В.
Andere auteurs: Сафонова М. Ф., Калинина И. Н.
Formaat: Книга
Taal:Russian
Gepubliceerd in: Краснодар КубГАУ 2019
Online toegang:https://e.lanbook.com/book/392753
https://e.lanbook.com/img/cover/book/392753.jpg
Tags: Voeg label toe
Geen labels, Wees de eerste die dit record labelt!
LEADER 01767nam0a2200277 i 4500
001 392753
003 RuSpLAN
005 20240221161206.0
008 240221s2019 ru gs 000 0 rus
040 |a RuSpLAN 
041 0 |a rus 
044 |a ru 
080 |a 657.6:336.22(075.8) 
084 |a 65.052  |2 rubbk 
245 0 0 |a Практический аудит  |b учебник  |c Петух А. В.,Сафонова М. Ф.,Калинина И. Н. 
260 |a Краснодар  |b КубГАУ  |c 2019 
300 |a 359 с. 
504 |a Библиогр.: доступна в карточке книги, на сайте ЭБС Лань 
520 8 |a В учебнике изложены основные теоретические и методические аспекты, связанные с организацией и проведением практического аудита, направленные на формирование навыков выявления нарушений требований действующего законодательства в области бухгалтерского учета. Учебник предназначен для обучающихся по экономическим специальностям вузов, слушателей курсов повышения квалификации, а также практиков. 
521 8 |a Книга из коллекции КубГАУ - Экономика и менеджмент 
100 1 |a Петух А. В. 
700 1 |a Сафонова М. Ф. 
700 1 |a Калинина И. Н. 
856 4 |u https://e.lanbook.com/book/392753 
856 4 8 |u https://e.lanbook.com/img/cover/book/392753.jpg 
953 |a https://e.lanbook.com/img/cover/book/392753.jpg